| 000 | 01571cam a2200373 a 4500 | ||
|---|---|---|---|
| 001 | 15103196 | ||
| 003 | LC | ||
| 005 | 20160316094928.0 | ||
| 008 | 071205s2008 nyu 000 1 eng | ||
| 010 | _a 2007049565 | ||
| 020 | _a9781416572848 | ||
| 035 | _a(OCoLC)ocn180756233 | ||
| 035 |
_a(OCoLC)180756233 _z(OCoLC)232567875 |
||
| 040 |
_aDLC _cDLC _dBTCTA _dBAKER _dYDXCP _dOCLCG _dUPZ _dDOV _dWIQ _dC#P _dCDX _dBWX _dDLC |
||
| 050 | 0 | 0 |
_aPS 3611 .I46 _b.K49 2008 |
| 082 | 0 | 0 |
_aFIC _bK57i 2008 |
| 100 | 1 |
_aKimmel, Haven, _d1965- _919201 |
|
| 245 | 1 | 0 |
_aIodine : _ba novel / _cHaven Kimmel. |
| 250 | _a1st Free Press hardcover ed. | ||
| 260 |
_aNew York : _bFree Press, _c2008. |
||
| 300 |
_avii, 223 p. ; _c24 cm. |
||
| 650 | 0 |
_aAdult child abuse victims _vFiction. _919202 |
|
| 650 | 0 |
_aPsychic trauma _vFiction. _919203 |
|
| 655 | 0 |
_aPsychological fiction. _92883 |
|
| 655 | 7 |
_aDomestic fiction. _2gsafd _92796 |
|
| 856 | 4 | 2 |
_3Publisher description _uhttp://www.loc.gov/catdir/enhancements/fy0810/2007049565-d.html |
| 856 | 4 | 1 |
_3Sample text _uhttp://www.loc.gov/catdir/enhancements/fy0835/2007049565-s.html |
| 856 | 4 | 1 |
_3Table of contents only _uhttp://www.loc.gov/catdir/enhancements/fy0835/2007049565-t.html |
| 856 | 4 | 2 |
_3Contributor biographical information _uhttp://www.loc.gov/catdir/enhancements/fy0901/2007049565-b.html |
| 906 |
_a7 _bcbc _corignew _d1 _eecip _f20 _gy-gencatlg |
||
| 942 |
_2lcc _cBK |
||
| 999 |
_c11173 _d11173 |
||